000 00431nam a2200157Ia 4500
008 190912s9999 xx 000 0 und d
100 _aClapano, Jose Rodel
245 _aManila revives "no garage, no car" policy/
245 _cJose Rodel Clapano
260 _bThe Philippine Star
260 _c2017
300 _aFebruary 7
440 _aThe Philippine Star
650 _aLaw -- Philippines
650 _aLaw and legislation
999 _c362111
_d362111